000 00360nam a2200145 a 4500
005 20140412111347.0
008 100122s19uu xx 00 eng d
020 _a1-86504-275-7
050 _aER
_bSe1 2001
100 _aSearle, Rick
245 _aFollow me /
_cRick Searle.
260 _aSingapore :
_bScholastic,
_c2001.
300 _aunp.
999 _c105215
_d105215